01081 2200337 4500001002100000005001500021035002000036007000300056008004100059020002200100082001800122084002000140100003700160245010000197250002700297300003900324650004500363700003400408700003300442504003300475264003700508336002100545337003000566338002300596040002200619090002400641090002200665850001200687999002200699990002200721INLIS00000000085450720200225014506 a0010-0220000677ta200225r20162018yoia g | ind d a978-602-6243-12-604223a610.73069 a610.73069 TAU t0 aTaufan Nugrohod1966-ePengarang10aTeori asuhan keperawatan gawat darurat /cTaufan Nugroho, Bunga Tamara Putri, Dara Kirana Putri aCetakan II, Maret 2018 axvi, 262 halaman :btabel ;c24 cm 4aPerawat dan keperawatan--xGawat darurat0 aBunga Tamara PutriePengarang0 aDara Kirana PutriePengarang aBibliografi: halaman 257-260 aYogyakarta :bNuha Medika,c2018 2rdacontentateks 2rdamediaatanpa perantara 2rdacarrieravolume aYOPDYOGbinderda aDEP 610.73069 TAU t aCB-D.11 2018-3585 aYOPDYOG aCB-D.11/2018-3585 aCB-D.11/2018-3585